Statistics for 4-Letter Word Chain #3

Click here to take the quiz!

General Stats

  • This quiz has been taken 81 times
  • The average score is 11 of 16

Answer Stats

HintAnswer% Correct
Robert Downey Jr.'s drug addiction landed him here for a yearJail
92%
Not oddEven
88%
Represents peaceDove
85%
Is a transition metal on the periodic tableIron
83%
Opposite of productiveLazy
81%
CBS and BBCNews
78%
Concluding word in religionAmen
76%
The fictional ape-like creatureYeti
75%
Overly intelligentNerd
68%
Common, proper, abstract, and concrete are all types of thisNoun
67%
First part of the tallest building in the worldBurj
61%
A countryOman
56%
Astronomical eventNova
54%
Need this for weaponsAmmo
43%
Star Wars is an example of thisSaga
35%
Face and ____Edge
17%

Score Distribution

Percentile by Number Answered

Percent of People with Each Score

Your Score History

You have not taken this quiz